Telltale The Walking Dead Season 2 Characters - Statistics

General Stats
  • This quiz has been taken 237 times
  • The average score is 15 of 19
Answer Stats
Answer % Correct
Clementine
99%
Luke
98%
Kenny
97%
Bonnie
90%
Carver
89%
Alvin
88%
Sarah
88%
Jane
85%
Nick
85%
Carlos
82%
Rebecca
81%
Mike
79%
AJ
76%
Sarita
73%
Arvo
71%
Walter
66%
Matthew
58%
Peter
54%
Reggie
35%
No matching quizzes found
Score Distribution
Percent of People with Each Score
Percentile by Number Answered
Your Score History
You have not taken this quiz